书目信息 |
| 书名: | New access | |
| 作者: | D.H. Howe. | |
| 分册号: | ||
| 分册名: | 出版地: | Hong Kong : |
|
| 出版社: | Oxford University Press | |
| 出版时间: | 1981. | |
| 页数: | 177 p. : | |
| 开本: | ||
| 丛书名: | ||
| 中图分类号: | ||
| 科图分类号: | ||
| 其他分类号: | H31 | |
| 主题词: | ||
| 电子资源: | ||
| 000 | 00435nam 22000169i 450 9 | |
| 001 | 0297283746 | |
| 005 | 20070428092125.26 | |
| 008 | 950619m1981 u y a 000 0 | |
| 041 | @aeng | |
| 090 | @aH319.4 | |
| 090 | @aH31 | |
| 099 | @dH31@e65:1 | |
| 100 | 1 | @aHowe@cD.H. |
| 245 | 10 | @aNew access.@n1 / @cD.H. Howe. |
| 260 | 1 | @aHong Kong :@bOxford University Press,@c1981. |
| 300 | @a177 p. :@bill. | |
| 500 | @afor Hong Kong secondary schools. | |
| New access.. 1 / / D.H. Howe.-Hong Kong : : Oxford University Press, , 1981. |
| 177 p. : : ill. |
| for Hong Kong secondary schools. |
| ISBN |
| ● |
| 相关链接 |
|
|
|
|
正题名:New access
索取号:H31/65:1
 
预约/预借
| 序号 | 登录号 | 条形码 | 馆藏地/架位号 | 状态 | 备注 |
| 1 | 134525 | 001070156 | 第四借阅区/ [索取号:H31/65:1] | 在馆 | |
| 2 | 134526 | 001070147 | 密集书库/ [索取号:H31/65:1] | 在馆 | |
| 3 | 134527 | 001070174 | 密集书库/ [索取号:H31/65:1] | 在馆 | |
| 4 | 134528 | 001070245 | 密集书库/ [索取号:H31/65:1] | 在馆 | |
| 5 | 134529 | 001070183 | 密集书库/ [索取号:H31/65:1] | 在馆 | |
| 6 | 134530 | 001070192 | 第四借阅区/ [索取号:H31/65:1] | 在馆 | |
| 7 | 134531 | 001070236 | 密集书库/ [索取号:H31/65:1] | 在馆 | |
| 8 | 134532 | 001070138 | 密集书库/ [索取号:H31/65:1] | 在馆 | |
| 9 | 134533 | 001070209 | 密集书库/ [索取号:H31/65:1] | 在馆 | |
| 10 | 134534 | 001070227 | 密集书库/ [索取号:H31/65:1] | 在馆 |